[Event "OeISM B U16"]
[Site "austriaU16b"]
[Date "2020.12.11"]
[Round "2"]
[White "Sem55"]
[Black "Nasnaseez"]
[Result "0-1"]
[WhiteElo "1569"]
[BlackElo "1795"]
[Annotator "NA"]
[PlyCount "86"]
[EventDate "2020.12.11"]
[EventType "blitz"]

1. d4 {[%emt 0:00:09]} Nf6 {[%emt 0:01:19]} 2. c4 {[%emt 0:00:05]} g6 {[%emt 0:00:03]} 3. Nc3 {[%emt 0:00:01]} Bg7 {[%emt 0:00:06]} 4. e4 {[%emt 0:00:01]} d6 {[%emt 0:00:01]} 5. f4 {[%emt 0:00:06]} O-O {[%emt 0:00:02]} 6. Nf3 {[%emt 0:00:02]} c5 {[%emt 0:00:02]} 7. d5 {[%emt 0:00:03]} e6 {[%emt 0:00:02]} 8. Be2 {[%emt 0:00:01]} exd5 {[%emt 0:00:01]} 9. exd5 {[%emt 0:00:00]} a6 {[%emt 0:00:02]} 10. a4 {[%emt 0:00:04]} Bf5 {[%emt 0:00:17]} 11. O-O {[%emt 0:00:04]} Nbd7 {[%emt 0:00:16]} 12. Bd3 {[%emt 0:00:20]} Bxd3 {[%emt 0:00:03]} 13. Qxd3 {[%emt 0:00:00]} Re8 {[%emt 0:00:07]} 14. Bd2 {[%emt 0:00:05]} Nf8 {[%emt 0:00:20]} 15. Rae1 {[%emt 0:00:20]} Qd7 {[%emt 0:00:01]} 16. Bc1 {[%emt 0:00:35]} h5 {[%emt 0:00:04]} 17. Bd2 {[%emt 0:00:05]} Ng4 {[%emt 0:00:02]} 18. h3 {[%emt 0:00:19]} Nh6 {[%emt 0:00:01]} 19. b3 {[%emt 0:00:25]} Nf5 {[%emt 0:00:02]} 20. Ne4 {[%emt 0:00:17] Sem55 offers a draw} Nh7 {[%emt 0:00:08]} 21. Bc3 {[%emt 0:00:13]} Re7 {[%emt 0:00:20]} 22. Bxg7 {[%emt 0:00:03]} Kxg7 {[%emt 0:00:00]} 23. Qc3+ {[%emt 0:00:04]} f6 {[%emt 0:00:08]} 24. Neg5 {[%emt 0:00:16]} Rf8 {[%emt 0:00:16]} 25. Ne6+ {[%emt 0:00:02]} Kf7 {[%emt 0:00:00]} 26. Nxf8 {[%emt 0:00:02]} Nxf8 {[%emt 0:00:00]} 27. Rxe7+ {[%emt 0:00:02]} Qxe7 {[%emt 0:00:00]} 28. Re1 {[%emt 0:00:00]} Qd7 {[%emt 0:00:00]} 29. Ng5+ {[%emt 0:00:02]} fxg5 {[%emt 0:00:02]} 30. fxg5 {[%emt 0:00:05]} Kg8 {[%emt 0:00:04]} 31. g4 {[%emt 0:00:05]} hxg4 {[%emt 0:00:02]} 32. hxg4 {[%emt 0:00:01]} Nd4 {[%emt 0:00:01]} 33. Qh3 {[%emt 0:00:03]} Qg7 {[%emt 0:00:09]} 34. Kg2 {[%emt 0:00:02]} Nd7 {[%emt 0:00:02]} 35. Qe3 {[%emt 0:00:02]} Ne5 {[%emt 0:00:01]} 36. Rf1 {[%emt 0:00:02]} Kh7 {[%emt 0:00:05]} 37. Rh1+ {[%emt 0:00:02]} Kg8 {[%emt 0:00:01]} 38. Qf4 {[%emt 0:00:01]} Qf7 {[%emt 0:00:02]} 39. Qxf7+ {[%emt 0:00:04]} Nxf7 {[%emt 0:00:00]} 40. Re1 {[%emt 0:00:03]} Ne5 {[%emt 0:00:01]} 41. Kg3 {[%emt 0:00:02]} Kg7 {[%emt 0:00:01]} 42. Kf4 {[%emt 0:00:03]} Nd3+ {[%emt 0:00:02]} 43. Ke3 {[%emt 0:00:01]} Nxe1 {[%emt 0:00:01] Sem55 resigns} 0-1

[Event "OeISM B U16"]
[Site "austriaU16b"]
[Date "2020.12.11"]
[Round "3"]
[White "David04"]
[Black "Stuevii"]
[Result "1-0"]
[WhiteElo "2027"]
[BlackElo "1620"]
[Annotator "NA RC"]
[PlyCount "61"]
[EventDate "2020.12.11"]
[EventType "blitz"]

1. e4 {[%emt 0:00:05]} c5 {[%emt 0:00:01]} 2. Nf3 {[%emt 0:00:02]} Nc6 {[%emt 0:00:02]} 3. Bb5 {[%emt 0:00:01]} Nd4 {[%emt 0:00:02]} 4. Nxd4 {[%emt 0:00:02]} cxd4 {[%emt 0:00:00]} 5. O-O {[%emt 0:00:02]} g6 {[%emt 0:00:03]} 6. d3 {[%emt 0:00:02]} Bg7 {[%emt 0:00:01]} 7. f4 {[%emt 0:00:02]} e6 {[%emt 0:00:01]} 8. f5 {[%emt 0:00:07]} exf5 {[%emt 0:00:44]} 9. exf5 {[%emt 0:00:04]} Qb6 {[%emt 0:00:14]} 10. Bc4 {[%emt 0:00:08]} Ne7 {[%emt 0:00:42]} 11. fxg6 {[%emt 0:00:04]} Qxg6 {[%emt 0:00:05]} 12. Bxf7+ {[%emt 0:00:03]} Qxf7 {[%emt 0:00:01]} 13. Rxf7 {[%emt 0:00:01]} Kxf7 {[%emt 0:00:01]} 14. Nd2 {[%emt 0:00:13]} Rf8 {[%emt 0:00:04]} 15. Ne4 {[%emt 0:00:07]} d5 {[%emt 0:00:08]} 16. Nd6+ {[%emt 0:00:02]} Kg8 {[%emt 0:00:01]} 17. Bg5 {[%emt 0:00:20]} Ng6 {[%emt 0:00:12]} 18. Nxc8 {[%emt 0:00:18]} Raxc8 {[%emt 0:00:02]} 19. Qd2 {[%emt 0:00:02]} Rc7 {[%emt 0:00:13]} 20. Rf1 {[%emt 0:00:13]} Rfc8 {[%emt 0:00:27]} 21. Rf2 {[%emt 0:00:14]} Rc6 {[%emt 0:00:16]} 22. g3 {[%emt 0:00:04]} Re6 {[%emt 0:00:02]} 23. Re2 {[%emt 0:00:05]} Rce8 {[%emt 0:00:05]} 24. Rxe6 {[%emt 0:00:02]} Rxe6 {[%emt 0:00:01]} 25. Qa5 {[%emt 0:00:24]} Re2 {[%emt 0:00:17]} 26. Qxd5+ {[%emt 0:00:02]} Kh8 {[%emt 0:00:02]} 27. Qd8+ {[%emt 0:00:06]} Bf8 {[%emt 0:00:02]} 28. Qxd4+ {[%emt 0:00:04]} Bg7 {[%emt 0:00:02]} 29. Bf6 {[%emt 0:00:04]} Re1+ {[%emt 0:00:05]} 30. Kf2 {[%emt 0:00:03]} Re7 {[%emt 0:00:02]} 31. Qd8+ {[%emt 0:00:07] Stuevii resigns} 1-0

[Event "OeISM B U16"]
[Site "austriaU16b"]
[Date "2020.12.11"]
[Round "3"]
[White "Nasnaseez"]
[Black "Marc_m"]
[Result "0-1"]
[WhiteElo "1802"]
[BlackElo "1988"]
[Annotator "TA"]
[PlyCount "62"]
[EventDate "2020.12.11"]
[EventType "blitz"]

{[%evp 19,62,14,3,-18,-15,-12,-10,-54,-63,-56,-62,-56,-34,-49,-29,-39,-46,-59,-43,-95,-66,-60,-53,-62,-62,-56,-46,-68,-67,-80,-5,-5,0,-17,-23,-44,-63,-98,-91,-330,-327,-737,-622,-900,-927]} 1. e4 c5 2. Nf3 d6 3. d4 cxd4 4. Nxd4 Nf6 5. Nc3 a6 6. f3 e5 7. Nb3 Be6 8. Be3 h5 9. Qd2 Nbd7 10. a4 Rc8 11. Nd5 {B90: Sicilian Najdorf: Unusual White 6th moves, 6 Be3 Ng4 and 6 Be3 e5.} Bxd5 12. exd5 Nb6 13. Bxb6 {The position is equal.} (13. c4 $5) 13... Qxb6 14. a5 {[#]} Qc7 $146 ({Predecessor:} 14... Qa7 15. c4 g6 16. Bd3 Bh6 17. Qe2 Kf8 18. Ra4 Kg7 19. Rb4 Nd7 20. Kd1 Nc5 {1-0 (48) Samuelson,A (2101)-Adu,O (2300) Philadelphia 2004}) 15. c4 Be7 16. Qe3 O-O 17. Bd3 e4 18. fxe4 Ng4 19. Qb6 ({White should play} 19. Qe2 $15) 19... Qxb6 20. axb6 Bd8 21. Ke2 Bxb6 22. h3 Ne5 23. Rac1 Rfe8 24. Nd2 f5 (24... Ba5 $17) 25. Rhf1 $11 g6 $36 {[%mdl 2048] Black is pushing.} 26. b3 Ba5 27. Rf4 Bd8 28. h4 {[#]} Ng4 $1 29. Kf3 $2 (29. g3 $17) 29... Bxh4 $19 30. Nf1 $2 (30. Ke2) 30... Bg5 {Hoping for ...Ne5+.} 31. exf5 Ne5+ {[%mdl 64] Double Attack.  Weighted Error Value: White=0.70/Black=0.16} 0-1

[Event "OeISM B U16"]
[Site "austriaU16b"]
[Date "2020.12.11"]
[Round "3"]
[White "gor200506"]
[Black "Sem55"]
[Result "1-0"]
[WhiteElo "1723"]
[BlackElo "1538"]
[Annotator "NA"]
[PlyCount "49"]
[EventDate "2020.12.11"]
[EventType "blitz"]

1. e4 {[%emt 0:00:05]} c5 {[%emt 0:00:01]} 2. Nf3 {[%emt 0:00:01]} Nc6 {[%emt 0:00:00]} 3. d4 {[%emt 0:00:01]} cxd4 {[%emt 0:00:00]} 4. Nxd4 {[%emt 0:00:01]} e5 {[%emt 0:00:00]} 5. Nb5 {[%emt 0:00:02]} a6 {[%emt 0:00:00]} 6. N5a3 {[%emt 0:00:02]} Nf6 {[%emt 0:00:02]} 7. Nc3 {[%emt 0:00:03]} b5 {[%emt 0:00:01]} 8. Nd5 {[%emt 0:01:20]} Nxe4 {[%emt 0:00:07]} 9. Be3 {[%emt 0:00:03]} Bc5 {[%emt 0:00:53]} 10. Qg4 {[%emt 0:00:44]} Bxe3 {[%emt 0:01:02]} 11. fxe3 {[%emt 0:00:08]} Ng5 {[%emt 0:00:48]} 12. h4 {[%emt 0:00:25]} Ne6 {[%emt 0:00:01]} 13. Bd3 {[%emt 0:00:03]} Ne7 {[%emt 0:00:26]} 14. Be4 {[%emt 0:00:06]} Rb8 {[%emt 0:00:05]} 15. Rf1 {[%emt 0:00:23]} Nxd5 {[%emt 0:00:01]} 16. Bxd5 {[%emt 0:00:00]} O-O {[%emt 0:00:02]} 17. h5 {[%emt 0:00:04]} Qa5+ {[%emt 0:00:04]} 18. c3 {[%emt 0:00:02]} Qd8 {[%emt 0:00:01]} 19. h6 {[%emt 0:00:02]} g6 {[%emt 0:00:01]} 20. O-O-O {[%emt 0:00:02]} Bb7 {[%emt 0:00:01]} 21. Bxe6 {[%emt 0:00:02]} dxe6 {[%emt 0:00:02]} 22. Rxd8 {[%emt 0:00:02]} Rbxd8 {[%emt 0:00:01]} 23. Qg5 {[%emt 0:00:01]} Be4 {[%emt 0:00:05]} 24. Qf6 {[%emt 0:00:01]} Rfe8 {[%emt 0:00:01]} 25. Qg7# {[%emt 0:00:01] Mate Mate} 1-0

[Event "OeISM B U16"]
[Site "austriaU16b"]
[Date "2020.12.11"]
[Round "3"]
[White "Schlabberteig"]
[Black "MasterWeichhart"]
[Result "1-0"]
[WhiteElo "1703"]
[BlackElo "1808"]
[Annotator "NA RC"]
[PlyCount "139"]
[EventDate "2020.12.11"]
[EventType "blitz"]

1. e4 {[%emt 0:00:04]} e6 {[%emt 0:00:02]} 2. d4 {[%emt 0:00:02]} d5 {[%emt 0:00:02]} 3. Nc3 {[%emt 0:00:00]} Nf6 {[%emt 0:00:02]} 4. e5 {[%emt 0:00:01]} Nfd7 {[%emt 0:00:01]} 5. f4 {[%emt 0:00:00]} c5 {[%emt 0:00:00]} 6. Nf3 {[%emt 0:00:01]} Nc6 {[%emt 0:00:00]} 7. Be3 {[%emt 0:00:01]} Be7 {[%emt 0:00:01]} 8. Be2 {[%emt 0:00:03]} O-O {[%emt 0:00:02]} 9. O-O {[%emt 0:00:02]} f6 {[%emt 0:00:23]} 10. exf6 {[%emt 0:00:16]} Bxf6 {[%emt 0:00:11]} 11. Ne5 {[%emt 0:00:02]} cxd4 {[%emt 0:00:09]} 12. Bxd4 {[%emt 0:00:07]} Nxd4 {[%emt 0:00:03]} 13. Qxd4 {[%emt 0:00:02]} Nxe5 {[%emt 0:00:02]} 14. fxe5 {[%emt 0:00:03]} Be7 {[%emt 0:00:02]} 15. Rxf8+ {[%emt 0:00:02]} Qxf8 {[%emt 0:00:01]} 16. Rf1 {[%emt 0:00:02]} Qe8 {[%emt 0:00:11]} 17. Nxd5 {[%emt 0:01:09]} exd5 {[%emt 0:00:07]} 18. Qxd5+ {[%emt 0:00:00]} Kh8 {[%emt 0:00:02]} 19. Bb5 {[%emt 0:00:03]} Qg8 {[%emt 0:00:17]} 20. Rf7 {[%emt 0:00:22]} a6 {[%emt 0:00:40]} 21. Bc4 {[%emt 0:00:02]} Bb4 {[%emt 0:00:17]} 22. c3 {[%emt 0:00:13]} Be6 {[%emt 0:00:19]} 23. Qxe6 {[%emt 0:00:10]} Bc5+ {[%emt 0:00:01]} 24. Kh1 {[%emt 0:00:08]} b5 {[%emt 0:00:03]} 25. Bd5 {[%emt 0:00:18]} Rd8 {[%emt 0:00:05]} 26. Rd7 {[%emt 0:00:05]} Qf8 {[%emt 0:00:09]} 27. Rxd8 {[%emt 0:00:21]} Qxd8 {[%emt 0:00:00]} 28. h3 {[%emt 0:00:03]} a5 {[%emt 0:00:05]} 29. Qc6 {[%emt 0:00:02]} Qf8 {[%emt 0:00:06]} 30. Bf3 {[%emt 0:00:08]} Qf4 {[%emt 0:00:18]} 31. Qe8+ {[%emt 0:00:03]} Bf8 {[%emt 0:00:02]} 32. e6 {[%emt 0:00:02]} Qc1+ {[%emt 0:00:02]} 33. Kh2 {[%emt 0:00:01]} Qf4+ {[%emt 0:00:01]} 34. Kg1 {[%emt 0:00:02] MasterWeichhart offers a draw} Qc1+ {[%emt 0:00:05]} 35. Kf2 {[%emt 0:00:02]} Qd2+ {[%emt 0:00:05]} 36. Kg3 {[%emt 0:00:02]} Qg5+ {[%emt 0:00:02]} 37. Bg4 {[%emt 0:00:01]} Qe3+ {[%emt 0:00:02]} 38. Kh2 {[%emt 0:00:06]} Qf4+ {[%emt 0:00:03]} 39. Kg1 {[%emt 0:00:01]} Qc1+ {[%emt 0:00:06]} 40. Kf2 {[%emt 0:00:01]} Qd2+ {[%emt 0:00:01]} 41. Be2 {[%emt 0:00:01]} Qf4+ {[%emt 0:00:01]} 42. Ke1 {[%emt 0:00:01]} Qc1+ {[%emt 0:00:01]} 43. Kf2 {[%emt 0:00:01]} Qf4+ {[%emt 0:00:01]} 44. Kg1 {[%emt 0:00:02]} Qc1+ {[%emt 0:00:02]} 45. Bf1 {[%emt 0:00:01]} Qe3+ {[%emt 0:00:01]} 46. Kh1 {[%emt 0:00:01]} Qf4 {[%emt 0:00:01]} 47. Qxb5 {[%emt 0:00:05]} Bd6 {[%emt 0:00:03]} 48. Qe8+ {[%emt 0:00:02]} Bf8 {[%emt 0:00:01]} 49. Qf7 {[%emt 0:00:02]} Qxf7 {[%emt 0:00:05]} 50. exf7 {[%emt 0:00:00]} g6 {[%emt 0:00:00]} 51. Bc4 {[%emt 0:00:01]} Kg7 {[%emt 0:00:01]} 52. Kg1 {[%emt 0:00:01]} Bc5+ {[%emt 0:00:01]} 53. Kf1 {[%emt 0:00:01]} Be3 {[%emt 0:00:00]} 54. Ke2 {[%emt 0:00:01]} Bc1 {[%emt 0:00:00]} 55. b4 {[%emt 0:00:01]} a4 {[%emt 0:00:05]} 56. Kd3 {[%emt 0:00:02]} Bb2 {[%emt 0:00:01]} 57. b5 {[%emt 0:00:01]} Ba3 {[%emt 0:00:02]} 58. b6 {[%emt 0:00:01]} Bd6 {[%emt 0:00:00]} 59. Bd5 {[%emt 0:00:01]} Bb8 {[%emt 0:00:00]} 60. Kc4 {[%emt 0:00:01]} a3 {[%emt 0:00:00]} 61. Kb4 {[%emt 0:00:01]} h5 {[%emt 0:00:00]} 62. Kxa3 {[%emt 0:00:01]} g5 {[%emt 0:00:00]} 63. c4 {[%emt 0:00:01]} g4 {[%emt 0:00:00]} 64. c5 {[%emt 0:00:02]} g3 {[%emt 0:00:01]} 65. c6 {[%emt 0:00:01]} h4 {[%emt 0:00:00]} 66. c7 {[%emt 0:00:01]} Bxc7 {[%emt 0:00:08]} 67. bxc7 {[%emt 0:00:00]} Kh7 {[%emt 0:00:01]} 68. c8=Q {[%emt 0:00:01]} Kg6 {[%emt 0:00:03]} 69. f8=Q {[%emt 0:00:03]} Kh7 {[%emt 0:00:01]} 70. Be4# {[%emt 0:00:02] Mate Mate} 1-0

[Event "OeISM B U16"]
[Site "austriaU16b"]
[Date "2020.12.11"]
[Round "3"]
[White "gadoru"]
[Black "Mat_Sta"]
[Result "0-1"]
[WhiteElo "1695"]
[BlackElo "1981"]
[Annotator "TA"]
[PlyCount "58"]
[EventDate "2020.12.11"]
[EventType "blitz"]

{[%evp 16,58,29,0,0,-25,-26,-31,-15,-24,-21,-25,-6,-28,-20,-27,-26,-33,-5,-25,-15,-21,-11,-49,-27,-61,-22,-22,-12,-17,-15,-29,-25,-45,-20,-49,-49,-49,-52,-66,-67,-78,-67,-481,-483]} 1. e4 e6 2. d4 d5 3. Nd2 Nc6 4. Ngf3 Nf6 5. e5 Nd7 6. Be2 f6 7. exf6 Qxf6 8. O-O Bd6 9. c3 O-O {C04: French Tarrasch: 3...Nc6.} 10. Re1 e5 11. dxe5 Ndxe5 {Black is slightly better.} 12. Nf1 Be6 13. Be3 {[#]} h6 $146 ({Predecessor:} 13... Ng4 14. Bg5 Qf7 15. Bh4 h6 16. Bg3 Bc5 17. N1d2 Rae8 18. Nb3 Bb6 19. Nbd4 Nxd4 20. cxd4 {½-½ (43) Farmani Anosheh,A (2168)-Sadewasser,A (2216) Germany 2008}) 14. Ng3 Ng4 15. Bd4 Nxd4 16. Qxd4 Qxd4 17. Nxd4 Bd7 18. Bf3 c6 19. Rad1 (19. Ne6 $5 {[%cal Rf3g4]} Rxf3 20. gxf3 $11) 19... Rae8 20. h3 Bxg3 (20... Ne5 {keeps more tension.} 21. Nf1 a5 22. Be2 g6 23. Ne3 Bc5) 21. fxg3 Nf6 22. Nb3 b6 23. Rxe8 Rxe8 24. Kf2 Kf7 25. Re1 Rxe1 26. Kxe1 Ke6 27. Ke2 Ke5 28. Ke3 c5 29. Kd3 $2 {[%mdl 8192] [#]} (29. a3 $15) 29... c4+ {[%mdl 64] Double Attack.  Weighted Error Value: White=0.56/Black=0.07} 0-1

[Event "OeISM B U16"]
[Site "austriaU16b"]
[Date "2020.12.11"]
[Round "3"]
[White "Moritz_Pernerstorfer"]
[Black "Daniel05"]
[Result "0-1"]
[WhiteElo "1614"]
[BlackElo "1805"]
[Annotator "NA"]
[PlyCount "50"]
[EventDate "2020.12.11"]
[EventType "blitz"]

1. e4 {[%emt 0:00:12]} e6 {[%emt 0:00:17]} 2. d4 {[%emt 0:00:09]} d5 {[%emt 0:00:00]} 3. Nd2 {[%emt 0:00:03]} c5 {[%emt 0:00:01]} 4. exd5 {[%emt 0:00:05]} Qxd5 {[%emt 0:00:00]} 5. Bc4 {[%emt 0:00:08]} Qxd4 {[%emt 0:00:10]} 6. Ngf3 {[%emt 0:00:06]} Qd8 {[%emt 0:00:04]} 7. O-O {[%emt 0:00:03]} Nc6 {[%emt 0:00:00]} 8. Qe2 {[%emt 0:00:06]} Nf6 {[%emt 0:00:01]} 9. Rd1 {[%emt 0:00:17]} Qc7 {[%emt 0:00:02]} 10. Ne4 {[%emt 0:00:08]} Be7 {[%emt 0:00:02]} 11. Bg5 {[%emt 0:00:17]} Nxe4 {[%emt 0:01:03]} 12. Bxe7 {[%emt 0:00:03]} Qxe7 {[%emt 0:00:03]} 13. Qxe4 {[%emt 0:00:07]} O-O {[%emt 0:00:02]} 14. Bb5 {[%emt 0:00:20]} Bd7 {[%emt 0:00:13]} 15. Bd3 {[%emt 0:00:44]} f5 {[%emt 0:00:01]} 16. Qe3 {[%emt 0:00:08]} e5 {[%emt 0:00:05]} 17. Bc4+ {[%emt 0:00:06]} Kh8 {[%emt 0:00:11]} 18. Rd5 {[%emt 0:00:13]} Rae8 {[%emt 0:00:33]} 19. Qxc5 {[%emt 0:00:21]} Be6 {[%emt 0:00:11]} 20. Qxe7 {[%emt 0:00:03]} Rxe7 {[%emt 0:00:02]} 21. Rc5 {[%emt 0:00:02]} Bxc4 {[%emt 0:00:06]} 22. Rxc4 {[%emt 0:00:01]} Rd8 {[%emt 0:00:00]} 23. Kf1 {[%emt 0:00:03]} Red7 {[%emt 0:00:03]} 24. Ke2 {[%emt 0:00:02]} e4 {[%emt 0:00:01]} 25. Ng5 {[%emt 0:00:03]} Re8 {[%emt 0:00:19] TimeW} 0-1

[Event "OeISM B U16"]
[Site "austriaU16b"]
[Date "2020.12.11"]
[Round "3"]
[White "MGamer"]
[Black "Oberwirschtl"]
[Result "1-0"]
[WhiteElo "1561"]
[BlackElo "1620"]
[Annotator "NA RC"]
[PlyCount "57"]
[EventDate "2020.12.11"]
[EventType "blitz"]

1. e4 {[%emt 0:00:03]} e5 {[%emt 0:00:03]} 2. Nf3 {[%emt 0:00:02]} Nc6 {[%emt 0:00:04]} 3. Bc4 {[%emt 0:00:03]} Nf6 {[%emt 0:00:08]} 4. d3 {[%emt 0:00:01]} d5 {[%emt 0:00:03]} 5. exd5 {[%emt 0:00:09]} Nxd5 {[%emt 0:00:01]} 6. O-O {[%emt 0:00:06]} Bc5 {[%emt 0:00:16]} 7. Re1 {[%emt 0:00:24]} Bg4 {[%emt 0:00:12]} 8. h3 {[%emt 0:00:30]} Bxf3 {[%emt 0:00:39]} 9. Qxf3 {[%emt 0:00:03]} Nf6 {[%emt 0:00:14]} 10. Nc3 {[%emt 0:00:13]} O-O {[%emt 0:00:07]} 11. Bg5 {[%emt 0:00:07]} Nd4 {[%emt 0:00:17]} 12. Qd1 {[%emt 0:00:08]} h6 {[%emt 0:00:09]} 13. Bh4 {[%emt 0:00:03]} Re8 {[%emt 0:00:02]} 14. Ne4 {[%emt 0:00:03]} Be7 {[%emt 0:00:11]} 15. c3 {[%emt 0:00:11]} Nc6 {[%emt 0:00:04]} 16. b4 {[%emt 0:00:37]} Nxe4 {[%emt 0:00:07]} 17. Bxe7 {[%emt 0:00:01]} Qxe7 {[%emt 0:00:27]} 18. Rxe4 {[%emt 0:00:01]} Rad8 {[%emt 0:00:06]} 19. Qh5 {[%emt 0:00:14]} Qf6 {[%emt 0:00:19]} 20. Rae1 {[%emt 0:00:05]} Re7 {[%emt 0:00:04]} 21. b5 {[%emt 0:00:14]} Nb8 {[%emt 0:00:01]} 22. Rxe5 {[%emt 0:00:04]} Rxe5 {[%emt 0:00:02]} 23. Rxe5 {[%emt 0:00:02]} g6 {[%emt 0:00:02]} 24. Qe2 {[%emt 0:00:02]} Nd7 {[%emt 0:00:02]} 25. Re7 {[%emt 0:00:03]} Nc5 {[%emt 0:00:02]} 26. Rxf7 {[%emt 0:00:02]} Kh8 {[%emt 0:00:08]} 27. Rxf6 {[%emt 0:00:02]} Nd7 {[%emt 0:00:03]} 28. Rf7 {[%emt 0:00:05]} Ne5 {[%emt 0:00:02]} 29. Qxe5+ {[%emt 0:00:01] Oberwirschtl resigns} 1-0

[Event "OeISM B U16"]
[Site "austriaU16b"]
[Date "2020.12.11"]
[Round "3"]
[White "PatrikStar"]
[Black "CrushTheRush"]
[Result "0-1"]
[WhiteElo "1422"]
[BlackElo "1913"]
[Annotator "NA"]
[PlyCount "36"]
[EventDate "2020.12.11"]
[EventType "blitz"]

1. e4 {[%emt 0:00:03]} Nf6 {[%emt 0:00:04]} 2. Nc3 {[%emt 0:00:04]} d5 {[%emt 0:00:01]} 3. exd5 {[%emt 0:00:02]} Nxd5 {[%emt 0:00:00]} 4. Nxd5 {[%emt 0:00:01]} Qxd5 {[%emt 0:00:00]} 5. d4 {[%emt 0:00:01]} Nc6 {[%emt 0:00:01]} 6. Nf3 {[%emt 0:00:02]} Bg4 {[%emt 0:00:01]} 7. Be3 {[%emt 0:00:03]} O-O-O {[%emt 0:00:03]} 8. Be2 {[%emt 0:00:02]} g6 {[%emt 0:00:04]} 9. h3 {[%emt 0:00:04]} Bf5 {[%emt 0:00:03]} 10. Qd2 {[%emt 0:00:12]} Bg7 {[%emt 0:00:03]} 11. c3 {[%emt 0:00:04]} Rhe8 {[%emt 0:00:06]} 12. c4 {[%emt 0:00:15]} Qd7 {[%emt 0:00:02]} 13. d5 {[%emt 0:00:02]} Ne5 {[%emt 0:00:01]} 14. Nxe5 {[%emt 0:00:10]} Bxe5 {[%emt 0:00:00]} 15. Rb1 {[%emt 0:00:05]} Bxb1 {[%emt 0:00:02]} 16. O-O {[%emt 0:00:05]} Be4 {[%emt 0:00:06]} 17. Bg4 {[%emt 0:00:09]} Bf5 {[%emt 0:00:02]} 18. Bxf5 {[%emt 0:00:21]} Qxf5 {[%emt 0:00:00] PatrikStar resigns} 0-1

[Event "OeISM B U16"]
[Site "austriaU16b"]
[Date "2020.12.11"]
[Round "4"]
[White "David04"]
[Black "Schlabberteig"]
[Result "0-1"]
[WhiteElo "2030"]
[BlackElo "1756"]
[Annotator "NA"]
[PlyCount "108"]
[EventDate "2020.12.11"]
[EventType "blitz"]

1. e4 {[%emt 0:00:05]} e6 {[%emt 0:00:01]} 2. d4 {[%emt 0:00:03]} d5 {[%emt 0:00:01]} 3. Nd2 {[%emt 0:00:01]} Nf6 {[%emt 0:00:01]} 4. e5 {[%emt 0:00:01]} Nfd7 {[%emt 0:00:01]} 5. Bd3 {[%emt 0:00:00]} c5 {[%emt 0:00:01]} 6. c3 {[%emt 0:00:02]} Nc6 {[%emt 0:00:01]} 7. Ne2 {[%emt 0:00:02]} f6 {[%emt 0:00:01]} 8. Nf4 {[%emt 0:00:05]} Qe7 {[%emt 0:00:19]} 9. Qh5+ {[%emt 0:00:07]} Qf7 {[%emt 0:00:37]} 10. Qxf7+ {[%emt 0:00:03]} Kxf7 {[%emt 0:00:00]} 11. exf6 {[%emt 0:00:01]} Nxf6 {[%emt 0:00:02]} 12. Nf3 {[%emt 0:00:07]} Bd6 {[%emt 0:00:04]} 13. O-O {[%emt 0:00:13]} Bd7 {[%emt 0:00:03]} 14. Re1 {[%emt 0:00:05]} Rae8 {[%emt 0:00:05]} 15. dxc5 {[%emt 0:00:06]} Bxc5 {[%emt 0:00:02]} 16. Ng5+ {[%emt 0:00:01]} Kg8 {[%emt 0:00:14]} 17. Be3 {[%emt 0:01:01]} Bd6 {[%emt 0:00:13]} 18. Rad1 {[%emt 0:00:21]} h6 {[%emt 0:00:06]} 19. Nf3 {[%emt 0:00:11]} g5 {[%emt 0:00:03]} 20. Ng6 {[%emt 0:00:09]} Rh7 {[%emt 0:00:08]} 21. Bd4 {[%emt 0:00:09]} Rf7 {[%emt 0:00:15]} 22. Nge5 {[%emt 0:00:08]} Nxe5 {[%emt 0:00:06]} 23. Bxe5 {[%emt 0:00:03]} Bxe5 {[%emt 0:00:01]} 24. Nxe5 {[%emt 0:00:01]} Rfe7 {[%emt 0:00:05]} 25. f3 {[%emt 0:00:14]} Bc6 {[%emt 0:00:05]} 26. Re3 {[%emt 0:00:16]} Nd7 {[%emt 0:00:06]} 27. Rde1 {[%emt 0:00:01]} Nxe5 {[%emt 0:00:02]} 28. Rxe5 {[%emt 0:00:00]} Kg7 {[%emt 0:00:01]} 29. Kf2 {[%emt 0:00:02]} Kf6 {[%emt 0:00:03]} 30. h4 {[%emt 0:00:05]} Rh8 {[%emt 0:00:09]} 31. h5 {[%emt 0:00:01]} Rc8 {[%emt 0:00:03]} 32. c4 {[%emt 0:00:12]} a6 {[%emt 0:00:06]} 33. c5 {[%emt 0:00:02]} Bd7 {[%emt 0:00:04]} 34. b4 {[%emt 0:00:01]} a5 {[%emt 0:00:02]} 35. a3 {[%emt 0:00:01]} axb4 {[%emt 0:00:01]} 36. axb4 {[%emt 0:00:01]} Bc6 {[%emt 0:00:02]} 37. b5 {[%emt 0:00:02]} Be8 {[%emt 0:00:04]} 38. Bf5 {[%emt 0:00:08]} Bf7 {[%emt 0:00:02]} 39. Bg6 {[%emt 0:00:01]} Rxc5 {[%emt 0:00:04]} 40. Bxf7 {[%emt 0:00:01]} Kxf7 {[%emt 0:00:01]} 41. Rb1 {[%emt 0:00:01]} Kf6 {[%emt 0:00:01]} 42. Re2 {[%emt 0:00:02]} d4 {[%emt 0:00:02]} 43. Rd2 {[%emt 0:00:02]} e5 {[%emt 0:00:01]} 44. g4 {[%emt 0:00:03]} Rc3 {[%emt 0:00:03]} 45. Re1 {[%emt 0:00:03]} Rec7 {[%emt 0:00:02]} 46. Rb1 {[%emt 0:00:02]} R7c5 {[%emt 0:00:02]} 47. Rbb2 {[%emt 0:00:01]} Ke6 {[%emt 0:00:01]} 48. Re2 {[%emt 0:00:02]} Kd5 {[%emt 0:00:01]} 49. Red2 {[%emt 0:00:03]} Kc4 {[%emt 0:00:03]} 50. Re2 {[%emt 0:00:01]} d3 {[%emt 0:00:05]} 51. Re4+ {[%emt 0:00:02]} Kd5 {[%emt 0:00:01]} 52. Ke3 {[%emt 0:00:01]} Rc2 {[%emt 0:00:03]} 53. Rb1 {[%emt 0:00:04]} R5c3 {[%emt 0:00:08]} 54. Rd1 {[%emt 0:00:04]} Re2# {[%emt 0:00:06] Mate Mate} 0-1